| 000 | 00580nam a2200181 a 4500 | ||
|---|---|---|---|
| 005 | 20240614063720.0 | ||
| 008 | 991125s1946 mx 000 0 spa u | ||
| 035 | _aUPN01000058434 | ||
| 049 | _aCG | ||
| 050 | 4 |
_aPE1128 H3.8 _b1946 |
|
| 100 | 1 |
_aHamilton, J. _928890 |
|
| 245 | 1 | 3 |
_aUn viaje a través de los Estados Unidos : _bcuarto libro del método de inglés / _cJ. Hamilton. -- 4a. ed. rev. y mejorada |
| 260 |
_aMéxico : _bProgreso, _c1946 |
||
| 300 |
_aXV1, 447 p. : _bfots. maps |
||
| 650 | 4 |
_aInglés _xEstudio y enseñanza _918 |
|
| 904 |
_aAC _b058437 |
||
| 905 | _aLibro | ||
| 999 |
_c58434 _d58434 |
||